[Event "DEM U12/U12w 2006"]
[Site "Willingen GER"]
[Date "2006.06.09"]
[Round "9"]
[White "Hager, Joshua Aarash"]
[Black "Neumair, Jerome"]
[Result "1-0"]
[Termination "normal"]
[Board "1"]
[WhiteElo "1872"]
[BlackElo "1596"]
[PlyCount "147"]
[WhiteFideId "24642789"]
[BlackFideId "24672637"]
[EventCountry "GER"]
[EventRounds "11"]
[EventType "swiss"]
[EventDate "2006.06.03"]

1. d4 Nf6 2. c4 g6 3. Nc3 Bg7 4. e4 d6 5. Nf3 O-O 6. Be2 e5 7. Be3 Nbd7 8. d5
h6 9. Nd2 Ne8 10. b4 f5 11. f3 a5 12. a3 Ndf6 13. c5 Rf7 14. Bc4 fxe4 15. Ndxe4
Nxe4 16. Nxe4 Bf5 17. O-O Nf6 18. Ng3 Qd7 19. c6 Qc8 20. cxb7 Qxb7 21. Nxf5
gxf5 22. b5 f4 23. Bc1 Qb6+ 24. Kh1 Qc5 25. Qe2 Kh8 26. Bb2 Re7 27. Rfd1 Bf8
28. Rac1 Rg7 29. Bd3 Qa7 30. Bf5 Nd7 31. Qe1 Nc5 32. Qh4 Rg5 33. Bg4 Qb8 34.
Rb1 Qe8 35. Bc1 Qg6 36. Bb2 Be7 37. Qf2 Qf7 38. Qe2 Bf6 39. Rbc1 h5 40. Bh3 Rg7
41. Kg1 Rb8 42. Rc4 Rxb5 43. a4 Rb8 44. Bc3 Bd8 45. Bxa5 Ra8 46. Qe1 Qe8 47.
Qb4 Bf6 48. Rb1 Qg6 49. Rd1 Bh4 50. Qb5 Nd3 51. Rc2 Ne1 52. Rxc7 Nxf3+ 53. Kh1
Nd4 54. Rxg7 Qxg7 55. Qb6 Bd8 56. Qxd8+ Rxd8 57. Bxd8 Qa7 58. Bf6+ Kh7 59. Ra1
Qf7 60. Bh4 Qxd5 61. a5 Nb3 62. Rb1 Nxa5 63. Bf5+ Kg7 64. h3 e4 65. Bd7 e3 66.
Rb5 Qd1+ 67. Kh2 Nc4 68. Rg5+ Kh6 69. Bf5 Ne5 70. Rg8 Nf3+ 71. gxf3 Qd2+ 72.
Rg2 e2 73. Bg5+ Kg7 74. Bxf4+ 1-0

[Event "DEM U12/U12w 2006"]
[Site "Willingen GER"]
[Date "2006.06.09"]
[Round "9"]
[White "Sarchisov, Slavik"]
[Black "Berchtenbreiter, Maximilian"]
[Result "1/2-1/2"]
[Termination "normal"]
[Board "2"]
[WhiteElo "1695"]
[BlackElo "1999"]
[PlyCount "65"]
[WhiteFideId "24647888"]
[BlackFideId "24641120"]
[EventCountry "GER"]
[EventRounds "11"]
[EventType "swiss"]
[EventDate "2006.06.03"]

1. e4 c5 2. Nf3 e6 3. d4 cxd4 4. Nxd4 Qb6 5. Nb3 Qc7 6. Bd3 a6 7. O-O d6 8. c4
Nd7 9. Nc3 b6 10. Be3 Bb7 11. f4 Be7 12. Qf3 Rc8 13. Rae1 Nc5 14. Nxc5 bxc5 15.
Qg3 Bf6 16. Bd2 Bd4+ 17. Kh1 Nf6 18. Ne2 O-O 19. Nxd4 cxd4 20. e5 Nh5 21. Qg5
g6 22. Kg1 dxe5 23. fxe5 Qc6 24. Be4 Qb6 25. Bxb7 Qxb7 26. g4 Ng7 27. Qf6 Rfd8
28. b3 Ne8 29. Qf4 Rd7 30. Rf3 Qa7 31. Rh3 Qc5 32. g5 Ng7 33. Qh4 1/2-1/2

[Event "DEM U12/U12w 2006"]
[Site "Willingen GER"]
[Date "2006.06.09"]
[Round "9"]
[White "Petkidis, Anthony"]
[Black "Kaphle, Sebastian"]
[Result "1-0"]
[Termination "normal"]
[Board "3"]
[WhiteElo "1585"]
[BlackElo "2064"]
[PlyCount "53"]
[BlackFideId "24626708"]
[EventCountry "GER"]
[EventRounds "11"]
[EventType "swiss"]
[EventDate "2006.06.03"]

1. e4 c5 2. Nf3 e6 3. d4 cxd4 4. Nxd4 a6 5. Nc3 Qc7 6. Bd3 b5 7. O-O Bb7 8. Kh1
d6 9. f4 Nd7 10. Be3 Ngf6 11. Qf3 Be7 12. Rad1 b4 13. Nce2 d5 14. e5 Ne4 15.
Ng3 Ndc5 16. Qg4 O-O 17. Bxe4 Nxe4 18. Nxe4 dxe4 19. Qg3 Bc5 20. f5 Bxd4 21. f6
g6 22. Rxd4 Rad8 23. Qg5 Kh8 24. Rf4 Rg8 25. Rh4 Rxd4 26. Rxh7+ Kxh7 27. Qh6#
1-0

[Event "DEM U12/U12w 2006"]
[Site "Willingen GER"]
[Date "2006.06.09"]
[Round "9"]
[White "Zimmermann, Gordon"]
[Black "Wang, Zhangxian"]
[Result "1-0"]
[Termination "normal"]
[Board "5"]
[WhiteElo "1920"]
[BlackElo "1998"]
[PlyCount "71"]
[WhiteFideId "24624330"]
[EventCountry "GER"]
[EventRounds "11"]
[EventType "swiss"]
[EventDate "2006.06.03"]

1. e4 c6 2. d4 d5 3. Nc3 dxe4 4. Nxe4 Bf5 5. Ng3 Bg6 6. Nf3 Nd7 7. Bc4 e6 8.
Qe2 Bd6 9. Bg5 Ngf6 10. c3 Qe7 11. Ne5 Nb6 12. Bb3 Nbd5 13. a3 Qc7 14. h4 Bxe5
15. dxe5 Nd7 16. h5 Bf5 17. Nxf5 exf5 18. e6 Nc5 19. exf7+ Kxf7 20. Bxd5+ cxd5
21. O-O Ne4 22. Qf3 Qe5 23. Bf4 Qe6 24. Rfe1 Rhf8 25. Rad1 Rad8 26. Qe3 Qb6 27.
Qxb6 axb6 28. Bc7 Rd7 29. Bxb6 Re8 30. Be3 Nf6 31. h6 g6 32. f3 Rde7 33. Kf2 b5
34. Rd4 Re5 35. Rb4 R8e7 36. Rxb5 1-0

[Event "DEM U12/U12w 2006"]
[Site "Willingen GER"]
[Date "2006.06.09"]
[Round "9"]
[White "Pauly, Carlo"]
[Black "Bräuer, Franz"]
[Result "0-1"]
[Termination "normal"]
[Board "7"]
[WhiteElo "1577"]
[BlackElo "1878"]
[PlyCount "112"]
[WhiteFideId "24673269"]
[BlackFideId "24634468"]
[EventCountry "GER"]
[EventRounds "11"]
[EventType "swiss"]
[EventDate "2006.06.03"]

1. e4 e5 2. f4 Bc5 3. Nf3 d6 4. Bc4 Nf6 5. Nc3 Nc6 6. Na4 Bb6 7. Nxb6 axb6 8.
O-O O-O 9. d3 h6 10. fxe5 Nxe5 11. Bb3 Bg4 12. Kh1 Nh7 13. Bf4 Kh8 14. Bxe5
dxe5 15. Qe1 Qe7 16. Qg3 Bxf3 17. Rxf3 Ng5 18. Rf5 f6 19. Rf2 Ne6 20. Bxe6 Qxe6
21. a3 b5 22. Qe3 Qd6 23. Rff1 b4 24. a4 Qc6 25. Rfc1 Rxa4 26. Rxa4 Qxa4 27.
Qc5 Rc8 28. c3 bxc3 29. bxc3 b6 30. Qe3 Rd8 31. h3 Qb3 32. Qd2 Ra8 33. d4 Ra2
34. Qd3 Qb2 35. Rg1 Qe2 36. Qf3 Qxf3 37. gxf3 Rc2 38. dxe5 fxe5 39. Rd1 Rxc3
40. Kg2 Kg8 41. Rd5 Rc5 42. Rd8+ Kf7 43. Rd7+ Kf6 44. Kf2 b5 45. Ke3 b4 46. Rd8
Rb5 47. Rd2 b3 48. Rb2 c6 49. h4 g5 50. h5 c5 51. Kd3 Rb4 52. Kc3 Ke6 53. Rxb3
Rxb3+ 54. Kxb3 Kd6 55. Kc4 Kc6 56. Kb3 Kb5 0-1

[Event "DEM U12/U12w 2006"]
[Site "Willingen GER"]
[Date "2006.06.09"]
[Round "9"]
[White "Mirke, Roy"]
[Black "Kotainy, Jens"]
[Result "0-1"]
[Termination "normal"]
[Board "8"]
[WhiteElo "1557"]
[BlackElo "1835"]
[PlyCount "68"]
[WhiteFideId "24647306"]
[BlackFideId "24670499"]
[EventCountry "GER"]
[EventRounds "11"]
[EventType "swiss"]
[EventDate "2006.06.03"]

1. d4 Nf6 2. Nf3 d5 3. e3 e6 4. Bd3 c5 5. c3 Nc6 6. Nbd2 Bd6 7. O-O O-O 8. dxc5
Bxc5 9. e4 Bb6 10. Qc2 h6 11. Re1 dxe4 12. Nxe4 Nxe4 13. Bxe4 f5 14. Bd3 Bc7
15. Bc4 Qf6 16. Be3 Kh8 17. Nd4 Nxd4 18. Bxd4 e5 19. Bc5 Re8 20. Rad1 Be6 21.
Bxe6 Qxe6 22. Qa4 e4 23. Rd7 Qe5 24. Bd4 Qxh2+ 25. Kf1 Be5 26. Ke2 Qxg2 27.
Rxb7 Qf3+ 28. Kf1 Qd3+ 29. Kg1 Bxd4 30. cxd4 Rad8 31. Rd1 Qf3 32. Rf1 Re6 33.
Qa3 Rg6+ 34. Kh2 Qg2# 0-1

[Event "DEM U12/U12w 2006"]
[Site "Willingen GER"]
[Date "2006.06.09"]
[Round "9"]
[White "Zier, Oliver"]
[Black "Titgemeyer, Sven"]
[Result "1-0"]
[Termination "normal"]
[Board "9"]
[WhiteElo "1823"]
[BlackElo "1557"]
[PlyCount "51"]
[WhiteFideId "24631906"]
[BlackFideId "24676934"]
[EventCountry "GER"]
[EventRounds "11"]
[EventType "swiss"]
[EventDate "2006.06.03"]

1. d4 d5 2. c4 e6 3. Nc3 c5 4. cxd5 exd5 5. dxc5 d4 6. Ne4 Bf5 7. Ng3 Bg6 8.
Qb3 Qc7 9. Bf4 Qc8 10. Rc1 Nd7 11. e3 d3 12. Bxd3 Bxc5 13. Bxg6 hxg6 14. N1e2
Qd8 15. Qxb7 Rc8 16. b4 g5 17. Bd6 Bxb4+ 18. Qxb4 Rxc1+ 19. Nxc1 Ngf6 20. Nf5
Rh7 21. Bg3 Nb6 22. Nd6+ Kd7 23. Nxf7 Qc8 24. Ne5+ Ke8 25. O-O Qa6 26. Rd1 1-0

[Event "DEM U12/U12w 2006"]
[Site "Willingen GER"]
[Date "2006.06.09"]
[Round "9"]
[White "Gisy, Roberto"]
[Black "Braun, Georg"]
[Result "1-0"]
[Termination "normal"]
[Board "10"]
[WhiteElo "1540"]
[BlackElo "1774"]
[PlyCount "79"]
[BlackFideId "24629383"]
[EventCountry "GER"]
[EventRounds "11"]
[EventType "swiss"]
[EventDate "2006.06.03"]

1. e4 c5 2. c3 Nf6 3. e5 Nd5 4. d4 cxd4 5. cxd4 Nc6 6. Bc4 Nb6 7. Bb3 d6 8. Nf3
dxe5 9. d5 Na5 10. Nc3 Nxb3 11. Qxb3 e6 12. Nxe5 Nxd5 13. Qb5+ Bd7 14. Qxb7
Nxc3 15. bxc3 Qc8 16. Qf3 f6 17. Nxd7 Kxd7 18. O-O Ke7 19. Rb1 Rb8 20. Bf4 e5
21. Be3 Rxb1 22. Rxb1 Qxc3 23. Qb7+ Ke6 24. Rc1 Qd3 25. Qc8+ Qd7 26. Rc6+ Bd6
27. Rxd6+ Kxd6 28. Qxh8 Qa4 29. Qf8+ Ke6 30. Qg8+ Kd6 31. Qb3 Qa5 32. h3 Kc7
33. Qf7+ Kb8 34. Qf8+ Kb7 35. Qxg7+ Kb8 36. Qg8+ Kb7 37. Qxh7+ Kb8 38. Qxa7+
Qxa7 39. Bxa7+ Kxa7 40. h4 1-0

[Event "DEM U12/U12w 2006"]
[Site "Willingen GER"]
[Date "2006.06.09"]
[Round "9"]
[White "Kropman, Alexei"]
[Black "Risius, Philipp"]
[Result "1-0"]
[Termination "normal"]
[Board "11"]
[WhiteElo "1669"]
[BlackElo "1557"]
[PlyCount "73"]
[WhiteFideId "24670723"]
[BlackFideId "24630330"]
[EventCountry "GER"]
[EventRounds "11"]
[EventType "swiss"]
[EventDate "2006.06.03"]

1. e4 e5 2. Nf3 Nc6 3. d4 exd4 4. Bc4 Be7 5. c3 Nf6 6. e5 Ne4 7. cxd4 d5 8. Be2
Bb4+ 9. Bd2 Nxd2 10. Nbxd2 Bg4 11. O-O O-O 12. Nb3 Re8 13. a3 Be7 14. Bb5 Bd7
15. Rc1 Bg5 16. Nxg5 Qxg5 17. Bxc6 bxc6 18. Na5 Re6 19. Rc3 Rb8 20. Nb3 Rh6 21.
Rg3 Qh4 22. h3 Qe7 23. Qd2 Rg6 24. Rxg6 hxg6 25. Nc5 Bf5 26. Rc1 f6 27. Re1
fxe5 28. Rxe5 Qd6 29. g4 Bd7 30. b3 Re8 31. Qg5 Rxe5 32. Qxe5 Qxe5 33. dxe5 Bc8
34. f4 Kf7 35. Kf2 d4 36. Ke2 Be6 37. Kd3 1-0

[Event "DEM U12/U12w 2006"]
[Site "Willingen GER"]
[Date "2006.06.09"]
[Round "9"]
[White "Wendling, Florian"]
[Black "Babayev, Ramil"]
[Result "1/2-1/2"]
[Termination "normal"]
[Board "12"]
[WhiteElo "1628"]
[BlackElo "1553"]
[PlyCount "79"]
[WhiteFideId "24640212"]
[BlackFideId "24664243"]
[EventCountry "GER"]
[EventRounds "11"]
[EventType "swiss"]
[EventDate "2006.06.03"]

1. e4 c5 2. Nf3 e6 3. d4 cxd4 4. Nxd4 a6 5. c4 Nf6 6. Nc3 Bb4 7. Bd3 Nc6 8.
Nxc6 dxc6 9. O-O e5 10. h3 Be6 11. Qc2 Qd7 12. Be3 O-O 13. Rfd1 Qc7 14. Na4 Nd7
15. a3 Be7 16. Rac1 f5 17. exf5 Bf7 18. Be4 Rac8 19. Qe2 Nf6 20. Bb6 Qb8 21.
Nc3 Rfe8 22. Rc2 Bd6 23. Rcd2 Bc7 24. Bc5 Rcd8 25. b4 Rxd2 26. Rxd2 Rd8 27. Nb1
Rxd2 28. Nxd2 Qd8 29. Nf3 b6 30. Bxb6 Bxb6 31. Bxc6 Bc7 32. c5 e4 33. Ng5 Qd3
34. Qe1 e3 35. fxe3 Qxf5 36. Nf3 Qd3 37. a4 Bc4 38. Nd4 Nh5 39. b5 Bg3 40. Qc1
1/2-1/2

[Event "DEM U12/U12w 2006"]
[Site "Willingen GER"]
[Date "2006.06.09"]
[Round "9"]
[White "Müller, Tobias"]
[Black "Schindlbeck, Tobias"]
[Result "1-0"]
[Termination "normal"]
[Board "13"]
[WhiteElo "1620"]
[BlackElo "1551"]
[PlyCount "67"]
[WhiteFideId "24643394"]
[BlackFideId "24615510"]
[EventCountry "GER"]
[EventRounds "11"]
[EventType "swiss"]
[EventDate "2006.06.03"]

1. e4 c5 2. Nf3 d6 3. d4 cxd4 4. Nxd4 Nf6 5. Nc3 g6 6. Be3 Bg7 7. f3 Nc6 8. Qd2
O-O 9. O-O-O Nxd4 10. Bxd4 Be6 11. Kb1 a6 12. Nd5 Bxd5 13. exd5 b5 14. g4 e6
15. dxe6 fxe6 16. Bxf6 Qxf6 17. c3 Qxf3 18. Bg2 Qxg4 19. Bxa8 Rxa8 20. Qxd6
Qf5+ 21. Ka1 Qf7 22. Rhf1 Qe8 23. Qd7 e5 24. Qd5+ Kh8 25. Rf7 Rb8 26. Rd7 Bf6
27. Qd6 Bh4 28. Qxa6 Qg8 29. Qd6 Re8 30. Qb4 Ra8 31. a3 Bf6 32. Qxb5 e4 33. Qc6
Bg7 34. Qxa8 1-0

[Event "DEM U12/U12w 2006"]
[Site "Willingen GER"]
[Date "2006.06.09"]
[Round "9"]
[White "Davydov, Ruven"]
[Black "Pfeiffer, Daniel"]
[Result "1/2-1/2"]
[Termination "normal"]
[Board "14"]
[WhiteElo "1532"]
[BlackElo "1606"]
[PlyCount "133"]
[WhiteFideId "24666068"]
[BlackFideId "24641960"]
[EventCountry "GER"]
[EventRounds "11"]
[EventType "swiss"]
[EventDate "2006.06.03"]

1. e4 c5 2. Nf3 d6 3. d4 cxd4 4. Nxd4 Nf6 5. Nc3 a6 6. Bg5 e6 7. Qf3 Be7 8.
O-O-O Qc7 9. Qg3 Nbd7 10. Be2 b5 11. Bxb5 axb5 12. Ndxb5 Qc5 13. Be3 Qc6 14.
Nxd6+ Bxd6 15. Qxd6 Qxd6 16. Rxd6 Ke7 17. Rhd1 Rb8 18. Bg5 Ne5 19. b3 h6 20.
Bxf6+ gxf6 21. f3 Rg8 22. R6d2 h5 23. a4 h4 24. Nb5 Ng6 25. g3 hxg3 26. hxg3
Rh8 27. f4 Rh3 28. Rd3 Rh2 29. Rd8 Rh8 30. Rxh8 Nxh8 31. Nd4 Bb7 32. Re1 Ng6
33. Kb2 Nf8 34. c4 Nd7 35. Ka3 Nc5 36. e5 f5 37. Re3 Rd8 38. Nb5 Ne4 39. Nc3
Rc8 40. Nb5 Ra8 41. Nc3 Rc8 42. Rd3 Nxc3 43. Rxc3 Rd8 44. c5 Rd1 45. Kb4 Kd7
46. Ka5 Rd4 47. b4 Kc7 48. b5 Rd5 49. Kb4 Rd1 50. a5 Bd5 51. c6 Rb1+ 52. Kc5
Ra1 53. b6+ Kc8 54. Kb5 Rb1+ 55. Ka6 Ra1 56. Rc5 Rb1 57. Ka7 Rb2 58. a6 Rb1 59.
c7 Be4 60. b7+ Bxb7 61. axb7+ Rxb7+ 62. Ka6 Rxc7 63. Kb6 Rxc5 64. Kxc5 Kc7 65.
Kd4 Kc6 66. Ke3 Kc5 67. Kf3 1/2-1/2

[Event "DEM U12/U12w 2006"]
[Site "Willingen GER"]
[Date "2006.06.09"]
[Round "9"]
[White "Miller, Eduard"]
[Black "Mons, Leon"]
[Result "1-0"]
[Termination "normal"]
[Board "15"]
[WhiteElo "1525"]
[BlackElo "1588"]
[PlyCount "57"]
[WhiteFideId "24687022"]
[BlackFideId "4614950"]
[EventCountry "GER"]
[EventRounds "11"]
[EventType "swiss"]
[EventDate "2006.06.03"]

1. e4 e5 2. Nf3 Nc6 3. Bc4 Bc5 4. d3 d6 5. h3 Nf6 6. c3 h6 7. O-O Be6 8. Bb5 a6
9. Ba4 b5 10. Bc2 Ba7 11. Re1 O-O 12. Nbd2 Ne7 13. Nf1 Ng6 14. Ng3 c5 15. Nf5
Bxf5 16. exf5 Ne7 17. g4 Qc7 18. Kh2 Rac8 19. Rg1 Nfd5 20. g5 Nxf5 21. gxh6 g6
22. h4 Kh8 23. h5 Rg8 24. c4 Nf4 25. Bxf4 exf4 26. Qd2 Nxh6 27. Qxf4 Nf5 28.
Rg5 Bb8 29. Rxf5 1-0

[Event "DEM U12/U12w 2006"]
[Site "Willingen GER"]
[Date "2006.06.09"]
[Round "9"]
[White "Schulz, Anja"]
[Black "Gerntke, Oliver"]
[Result "1/2-1/2"]
[Termination "normal"]
[Board "16"]
[WhiteElo "1585"]
[BlackElo "1352"]
[PlyCount "67"]
[WhiteFideId "24647845"]
[BlackFideId "24647977"]
[EventCountry "GER"]
[EventRounds "11"]
[EventType "swiss"]
[EventDate "2006.06.03"]

1. e4 e6 2. d4 d5 3. Nc3 dxe4 4. Nxe4 Nd7 5. Nf3 Ngf6 6. Bd3 Be7 7. O-O O-O 8.
Bf4 b6 9. Qe2 Bb7 10. Nc3 c5 11. Be5 Nxe5 12. dxe5 Nd5 13. Nxd5 Bxd5 14. c4
Bxf3 15. Qxf3 Qd4 16. Qe4 Qxe4 17. Bxe4 Rad8 18. Rad1 Rxd1 19. Rxd1 Rd8 20.
Rxd8+ Bxd8 21. f4 h6 22. Kf2 Kf8 23. Ke3 Ke7 24. Kd3 Kd7 25. Kc3 Bh4 26. g3 Be7
27. Kd3 f6 28. exf6 Bxf6 29. b3 Bd4 30. Ke2 Ke7 31. Kf3 Kf6 32. h3 e5 33. f5
Bc3 34. Ke2 1/2-1/2

[Event "DEM U12/U12w 2006"]
[Site "Willingen GER"]
[Date "2006.06.09"]
[Round "9"]
[White "Friedrich, Wiede"]
[Black "Rosenkranz, Christian"]
[Result "1-0"]
[Termination "normal"]
[Board "17"]
[WhiteElo "1933"]
[BlackElo "1495"]
[PlyCount "33"]
[WhiteFideId "24629537"]
[BlackFideId "24674494"]
[EventCountry "GER"]
[EventRounds "11"]
[EventType "swiss"]
[EventDate "2006.06.03"]

1. Nf3 Nf6 2. g3 e6 3. Bg2 d5 4. O-O Nc6 5. d3 Bd7 6. Re1 Bc5 7. e4 dxe4 8.
dxe4 O-O 9. Nc3 e5 10. Bg5 h6 11. Bxf6 gxf6 12. Qd2 Kh7 13. Rad1 Be6 14. Qe2
Qe7 15. Nd5 Bxd5 16. exd5 Nd4 17. Nxd4 1-0

[Event "DEM U12/U12w 2006"]
[Site "Willingen GER"]
[Date "2006.06.09"]
[Round "9"]
[White "Göbel, Constantin"]
[Black "Thanabalasingam, Ajandhan"]
[Result "1-0"]
[Termination "normal"]
[Board "18"]
[WhiteElo "1639"]
[BlackElo "1488"]
[PlyCount "61"]
[WhiteFideId "24647071"]
[BlackFideId "24601659"]
[EventCountry "GER"]
[EventRounds "11"]
[EventType "swiss"]
[EventDate "2006.06.03"]

1. e4 e6 2. d4 d5 3. Nc3 Bb4 4. e5 c5 5. a3 Bxc3+ 6. bxc3 Ne7 7. Qg4 Qc7 8.
Qxg7 Rg8 9. Qxh7 cxd4 10. Ne2 dxc3 11. f4 Nbc6 12. Qd3 Bd7 13. Nxc3 a6 14. Rb1
Nf5 15. Be2 Rxg2 16. Bf3 Rg8 17. Rf1 Rc8 18. Bd2 Ncd4 19. Kd1 Bc6 20. Bh1 Qe7
21. a4 Qh4 22. Be3 Nxe3+ 23. Qxe3 Nf5 24. Qd2 d4 25. Bxc6+ Rxc6 26. Rxb7 Qg4+
27. Ne2 Ne3+ 28. Ke1 Rxc2 29. Rb8+ Ke7 30. Qb4+ Kd7 31. Qd6# 1-0

[Event "DEM U12/U12w 2006"]
[Site "Willingen GER"]
[Date "2006.06.09"]
[Round "9"]
[White "Volz, Daniel"]
[Black "Schmitz, Stefan"]
[Result "1-0"]
[Termination "normal"]
[Board "19"]
[WhiteElo "1455"]
[BlackElo "1526"]
[PlyCount "80"]
[WhiteFideId "4661125"]
[BlackFideId "4625730"]
[EventCountry "GER"]
[EventRounds "11"]
[EventType "swiss"]
[EventDate "2006.06.03"]

1. e4 e5 2. Nc3 Nf6 3. f4 Nc6 4. fxe5 Nxe5 5. d4 Bb4 6. dxe5 Nxe4 7. Qf3 d5 8.
exd6 O-O 9. Bc4 Kh8 10. Nge2 Nxd6 11. Bd3 Bc5 12. Be3 Bg4 13. Qf2 Bxe2 14. Bxe2
Bb4 15. O-O Bxc3 16. bxc3 Ne4 17. Qe1 Qe7 18. Bd3 Rfe8 19. Bf4 Qc5+ 20. Be3 Qe7
21. Bd4 c5 22. Qxe4 Qxe4 23. Bxe4 cxd4 24. Bd3 dxc3 25. Rxf7 b6 26. Kf2 Kg8 27.
Rc7 Rf8+ 28. Kg1 Rfc8 29. Rxc8+ Rxc8 30. Re1 Kf7 31. Kf2 Kf6 32. Re3 g6 33. Re4
Rc5 34. Rc4 Ra5 35. Rxc3 Rxa2 36. Rc7 a5 37. Rc6+ Ke5 38. Ke3 Rb2 39. Rc7 a4
40. Rxh7 Rb4 1-0

[Event "DEM U12/U12w 2006"]
[Site "Willingen GER"]
[Date "2006.06.09"]
[Round "9"]
[White "Gruber, Roland"]
[Black "Iwanziw, Niklas"]
[Result "1-0"]
[Termination "normal"]
[Board "20"]
[WhiteElo "1368"]
[BlackElo "1515"]
[PlyCount "59"]
[WhiteFideId "1270975"]
[BlackFideId "24647101"]
[EventCountry "GER"]
[EventRounds "11"]
[EventType "swiss"]
[EventDate "2006.06.03"]

1. e4 c5 2. d3 e6 3. g3 Nc6 4. Bg2 d5 5. Nc3 d4 6. Nce2 b5 7. f4 e5 8. Nf3 Bd6
9. O-O Nf6 10. fxe5 Nxe5 11. Nxe5 Bxe5 12. Bf4 Qc7 13. h3 Nd7 14. Bxe5 Nxe5 15.
Nf4 Bb7 16. Qd2 O-O 17. Nh5 f6 18. g4 Qe7 19. Rf2 Rfd8 20. Raf1 c4 21. Ng3 Rac8
22. Nf5 Qd7 23. g5 fxg5 24. Qxg5 Ng6 25. h4 Re8 26. h5 Nf8 27. Nh6+ Kh8 28. Rf7
Ne6 29. Qe5 Qc6 30. Bh3 1-0

[Event "DEM U12/U12w 2006"]
[Site "Willingen GER"]
[Date "2006.06.09"]
[Round "9"]
[White "Rafayevych, Vilen"]
[Black "Klek, Hanna Marie"]
[Result "0-1"]
[Termination "normal"]
[Board "21"]
[WhiteElo "1448"]
[BlackElo "1668"]
[PlyCount "80"]
[WhiteFideId "24673897"]
[BlackFideId "24670057"]
[EventCountry "GER"]
[EventRounds "11"]
[EventType "swiss"]
[EventDate "2006.06.03"]

1. d4 d5 2. c4 dxc4 3. e4 Nf6 4. Nc3 e5 5. Nf3 exd4 6. Nxd4 Bc5 7. Be3 Ng4 8.
Bxc4 c6 9. Qf3 Ne5 10. Qh5 Bxd4 11. Rd1 Bxc3+ 12. bxc3 Qc7 13. Bf4 Nd3+ 14.
Rxd3 Qxf4 15. Bxf7+ Ke7 16. Qc5+ Kxf7 17. Rf3 Qxf3 18. gxf3 Be6 19. O-O Nd7 20.
Qb4 b6 21. Rd1 c5 22. Qb5 Rhd8 23. f4 g6 24. Rd6 Nf6 25. e5 Rxd6 26. exd6 Rd8
27. Qc6 Rd7 28. a4 Ne8 29. f5 gxf5 30. Qf3 Nf6 31. Qd1 Kg6 32. a5 Bd5 33. axb6
axb6 34. h4 Bc6 35. c4 Be4 36. Qd2 h6 37. f4 Ng4 38. h5+ Kxh5 39. Qd1 Kg6 40.
Qd2 Kf7 0-1

[Event "DEM U12/U12w 2006"]
[Site "Willingen GER"]
[Date "2006.06.09"]
[Round "9"]
[White "Kusmierek, Kasper"]
[Black "Ma, Beini"]
[Result "0-1"]
[Termination "normal"]
[Board "22"]
[WhiteElo "1475"]
[BlackElo "1960"]
[PlyCount "104"]
[BlackFideId "24630101"]
[EventCountry "GER"]
[EventRounds "11"]
[EventType "swiss"]
[EventDate "2006.06.03"]

1. e4 c5 2. c3 d5 3. exd5 Qxd5 4. d4 Nf6 5. Nf3 Bg4 6. Be2 e6 7. O-O Nc6 8. Be3
cxd4 9. cxd4 Be7 10. Nc3 Qd6 11. h3 Bh5 12. Qb3 O-O 13. Rfd1 Rfd8 14. d5 Nxd5
15. Nxd5 exd5 16. Rd2 Bf6 17. Rad1 Ne7 18. Bc4 Bxf3 19. gxf3 Qe6 20. Bxd5 Nxd5
21. Rxd5 Rxd5 22. Rxd5 b6 23. Kg2 Bxb2 24. Qd3 Qg6+ 25. Qxg6 hxg6 26. Rd7 Kf8
27. a4 f5 28. Kg3 Bf6 29. Bd4 Bxd4 30. Rxd4 Ke7 31. Kf4 Rh8 32. Kg3 Rc8 33. Rb4
Rc2 34. Rd4 Rb2 35. h4 a6 36. Rc4 Kd7 37. Kg2 b5 38. axb5 axb5 39. Rc1 b4 40.
Kf1 b3 41. Ke1 Ke6 42. f4 Rc2 43. Rxc2 bxc2 44. Kd2 Kd5 45. Kxc2 Ke4 46. Kd2
Kxf4 47. Ke2 Kg4 48. Ke3 Kxh4 49. Kf4 Kh3 50. Kg5 Kg2 51. Kxg6 f4 52. Kg5 f3
0-1

[Event "DEM U12/U12w 2006"]
[Site "Willingen GER"]
[Date "2006.06.09"]
[Round "9"]
[White "Fittkau, Nico"]
[Black "Rieping, Heiner"]
[Result "1-0"]
[Termination "normal"]
[Board "23"]
[WhiteElo "1436"]
[BlackElo "1591"]
[PlyCount "87"]
[BlackFideId "24647012"]
[EventCountry "GER"]
[EventRounds "11"]
[EventType "swiss"]
[EventDate "2006.06.03"]

1. e4 d5 2. exd5 Qxd5 3. Nc3 Qa5 4. Bc4 Nf6 5. d3 Nc6 6. Bd2 Qc5 7. Qe2 Nd4 8.
Be3 Bg4 9. Bxd4 Qxd4 10. f3 Bh5 11. g4 Bg6 12. h4 h5 13. g5 Nd7 14. O-O-O O-O-O
15. Nb5 Qc5 16. f4 e6 17. Nc3 Bd6 18. Qf3 Qd4 19. Nge2 Qb6 20. Ne4 Bf5 21.
Nxd6+ Qxd6 22. Qf2 Bg4 23. Rde1 Nb6 24. Bb3 Kb8 25. Nc3 Qd4 26. Qxd4 Rxd4 27.
Re4 Rhd8 28. Kd2 c5 29. Rxd4 Rxd4 30. Ke3 a6 31. Ne4 Nd5+ 32. Bxd5 Rxd5 33. c4
Rd8 34. Nxc5 Ka7 35. Rc1 b6 36. Ne4 Kb7 37. b4 Kc6 38. c5 b5 39. Nd6 f6 40. Rf1
f5 41. Re1 Kd5 42. Kd2 a5 43. bxa5 Kxc5 44. Nb7+ 1-0

[Event "DEM U12/U12w 2006"]
[Site "Willingen GER"]
[Date "2006.06.09"]
[Round "9"]
[White "Schätz, Annika"]
[Black "Lebek, Ricarda"]
[Result "0-1"]
[Termination "normal"]
[Board "24"]
[WhiteElo "1406"]
[BlackElo "1577"]
[PlyCount "86"]
[WhiteFideId "24674796"]
[BlackFideId "4624688"]
[EventCountry "GER"]
[EventRounds "11"]
[EventType "swiss"]
[EventDate "2006.06.03"]

1. e4 c5 2. Nf3 d6 3. d4 cxd4 4. Nxd4 Nf6 5. Nc3 a6 6. Bg5 e6 7. f4 b5 8. Qf3
Bb7 9. Bd3 Nbd7 10. O-O-O Be7 11. g4 Nc5 12. Bxf6 Bxf6 13. g5 Be7 14. Rhg1 Qa5
15. Kb1 b4 16. Nce2 Qb6 17. h4 Nxd3 18. Qxd3 a5 19. Qb5+ Qxb5 20. Nxb5 Rd8 21.
Ng3 Kd7 22. f5 Ba6 23. Nxd6 Bxd6 24. e5 Kc6 25. exd6 Rxd6 26. Rxd6+ Kxd6 27.
Re1 Re8 28. Ne4+ Kd5 29. Kc1 Bb5 30. h5 exf5 31. Nf6+ gxf6 32. Rxe8 Bxe8 33.
gxf6 Ke4 34. Kd2 f4 35. Ke2 f3+ 36. Kf2 Bc6 37. h6 Kf5 38. Ke3 Kxf6 39. c3 bxc3
40. bxc3 Ke5 41. c4 f5 42. a3 f4+ 43. Kd2 Kd4 0-1

[Event "DEM U12/U12w 2006"]
[Site "Willingen GER"]
[Date "2006.06.09"]
[Round "9"]
[White "Düssler, Stefanie"]
[Black "Bading, Kenneth"]
[Result "0-1"]
[Termination "normal"]
[Board "25"]
[WhiteElo "1289"]
[BlackElo "1553"]
[PlyCount "100"]
[WhiteFideId "4634780"]
[EventCountry "GER"]
[EventRounds "11"]
[EventType "swiss"]
[EventDate "2006.06.03"]

1. e4 e5 2. Nf3 Nc6 3. Bb5 a6 4. Ba4 Nf6 5. d3 b5 6. Bb3 Be7 7. c3 d6 8. O-O
Bg4 9. Nbd2 Na5 10. Bc2 c5 11. Re1 O-O 12. Nf1 Nc6 13. Ng3 Qc7 14. h3 Be6 15.
d4 cxd4 16. cxd4 Nxd4 17. Nxd4 exd4 18. Qxd4 Qxc2 19. Nf5 Bxf5 20. exf5 Rfe8
21. Bf4 Qc5 22. Qd3 Nd5 23. Bh2 Rac8 24. Rad1 Nb4 25. Qd2 Nc6 26. Bxd6 Bxd6 27.
Rxe8+ Rxe8 28. Qxd6 Qxd6 29. Rxd6 Rc8 30. Kf1 Kf8 31. Ke2 Ke7 32. Rd3 Rd8 33.
Rxd8 Kxd8 34. Kd3 Nb4+ 35. Kc3 Nxa2+ 36. Kb3 Nc1+ 37. Kb4 Nd3+ 38. Ka5 Nxb2 39.
Kxa6 Nd3 40. Kxb5 Nxf2 41. Kc4 Ke7 42. Kd4 Kf6 43. Ke3 Nd1+ 44. Kf4 Nb2 45. g4
Nd3+ 46. Kg3 h5 47. Kh4 Nf4 48. Kg3 hxg4 49. hxg4 Kg5 50. Kf3 Ne2 0-1